[Event "Hessenliga 1112"]
[White "Bahlke, Philipp"]
[Black "Goll, Christof"]
[Site "Germany"]
[Round "8.8"]
[Result "1-0"]
[Date "2012.04.29"]
[WhiteElo "2056"]
[BlackElo "2114"]
[PlyCount "75"]
[EventDate "2011.09.25"]
[EventType "team-tourn"]
[EventRounds "9"]
[EventCountry "GER"]
[SourceTitle "EXT 2013"]
[Source "ChessBase"]
[SourceDate "2012.11.22"]
[SourceVersion "1"]
[SourceVersionDate "2012.11.22"]
[SourceQuality "1"]
[WhiteTeam "Dettingen"]
[BlackTeam "Nied"]
[WhiteTeamCountry "GER"]
[BlackTeamCountry "GER"]

1. d4 d5 2. c4 e6 3. Nc3 Nf6 4. cxd5 exd5 5. Bg5 Be7 6. Qc2 c6 7. e3 Nbd7 8. Bd3 0-0 9. Nf3 Re8 10. 0-0 Ne4 11. Bxe7 Qxe7 12. Nd2 Nxd2 13. Qxd2 Nf8 14. Rab1 Qg5 15. f4 Qf6 16. f5 h6 17. Qf2 Nh7 18. e4 dxe4 19. Nxe4 Qd8 20. Rbe1 Bd7 21. Bc4 Nf6 22. Nd6 Rxe1 23. Rxe1 Be8 24. Nxb7 Qc7 25. Nc5 Rd8 26. h3 Nd5 27. Bxd5 cxd5 28. Qh4 Bb5 29. f6 Re8 30. Rxe8+ Bxe8 31. fxg7 Kxg7 32. Qg4+ Kh8 33. Qf5 Qd6 34. Nd3 Bd7 35. Ne5 Be6 36. Qf6+ Kh7 37. Nxf7 Bxf7 38. Qxd6 1-0

[Event "Hessenliga 1112"]
[White "Heymann, Anna Luise"]
[Black "Bahlke, Philipp"]
[Site "Germany"]
[Round "6.8"]
[Result "1-0"]
[Date "2012.02.12"]
[WhiteElo "2025"]
[BlackElo "2056"]
[PlyCount "49"]
[EventDate "2011.09.25"]
[EventType "team-tourn"]
[EventRounds "9"]
[EventCountry "GER"]
[SourceTitle "EXT 2013"]
[Source "ChessBase"]
[SourceDate "2012.11.22"]
[SourceVersion "1"]
[SourceVersionDate "2012.11.22"]
[SourceQuality "1"]
[WhiteTeam "Hofheim II"]
[BlackTeam "Dettingen"]
[WhiteTeamCountry "GER"]
[BlackTeamCountry "GER"]

1. e4 e5 2. Bc4 Nf6 3. Nf3 Nxe4 4. Nc3 Nc6 5. Bxf7+ Kxf7 6. Nxe4 Be7 7. d4 exd4 8. Nfg5+ Bxg5 9. Bxg5 Qe8 10. Qf3+ Kg8 11. 0-0-0 Qf7 12. Qe2 Qxa2 13. Nf6+ gxf6 14. Qe8+ Kg7 15. Bxf6+ Kxf6 16. Qxh8+ Kg6 17. Rd3 Qa1+ 18. Kd2 Qa5+ 19. Kd1 Qh5+ 20. Kc1 Qh6+ 21. Kb1 d6 22. Qe8+ Kg5 23. h4+ Kf6 24. Rf3+ Kg7 25. Qf8+ 1-0

[Event "Karl Mala Memorial op 12th"]
[White "Bahlke, Philipp"]
[Black "Medvedovski, Michael"]
[Site "Frankfurt"]
[Round "6"]
[Result "1-0"]
[Date "2009.07.19"]
[WhiteElo "1606"]
[BlackElo "1887"]
[PlyCount "79"]
[EventDate "2009.07.16"]
[EventType "swiss"]
[EventRounds "7"]
[EventCountry "GER"]
[SourceTitle "EXT 2010"]
[Source "ChessBase"]
[SourceDate "2010.11.25"]
[SourceVersion "1"]
[SourceVersionDate "2010.11.25"]
[SourceQuality "1"]

1. d4 d5 2. c4 e6 3. Nc3 c5 4. e3 Nf6 5. Nf3 Nc6 6. cxd5 exd5 7. Bb5 a6 8. Bxc6+ bxc6 9. Ne5 Qc7 10. Qa4 Bd7 11. Nxd7 Nxd7 12. 0-0 Bd6 13. h3 0-0 14. e4 Nb6 15. Qd1 cxd4 16. Qxd4 c5 17. Qd3 d4 18. Ne2 Qb7 19. f4 Rfe8 20. e5 Bc7 21. b3 Nd5 22. Rf3 Qb5 23. Qe4 Rad8 24. Ng3 Qb6 25. Nf5 Ne7 26. Rg3 Nxf5 27. Qxf5 Qe6 28. Qg5 Qg6 29. Qh4 Qe6 30. Qg5 g6 31. Rg4 Qe7 32. Qh6 Qf8 33. Qg5 Rd5 34. Qh4 Bd8 35. Qf2 f6 36. f5 Rdxe5 37. fxg6 Re1+ 38. Kh2 Bc7+ 39. Bf4 Bxf4+ 40. Qxf4 1-0

[Event "Karl Mala Memorial op 12th"]
[White "Goebel, Andreas"]
[Black "Bahlke, Philipp"]
[Site "Frankfurt"]
[Round "7"]
[Result "0-1"]
[Date "2009.07.19"]
[WhiteElo "2038"]
[BlackElo "1606"]
[PlyCount "52"]
[EventDate "2009.07.16"]
[EventType "swiss"]
[EventRounds "7"]
[EventCountry "GER"]
[SourceTitle "EXT 2010"]
[Source "ChessBase"]
[SourceDate "2010.11.25"]
[SourceVersion "1"]
[SourceVersionDate "2010.11.25"]
[SourceQuality "1"]

1. Nf3 Nf6 2. g3 c6 3. Bg2 d5 4. d4 Nbd7 5. 0-0 e6 6. b3 Bd6 7. Bb2 Qc7 8. c4 b6 9. Nc3 0-0 10. Rc1 Qb8 11. cxd5 exd5 12. Na4 Bb7 13. Ne1 Re8 14. Nd3 h5 15. f4 Ng4 16. e4 dxe4 17. Ne5 Ndf6 18. Qe2 c5 19. h3 cxd4 20. hxg4 Bxe5 21. fxe5 Qxe5 22. gxh5 Qxg3 23. Rxf6 gxf6 24. Bxd4 Rac8 25. Rf1 e3 26. Bxf6 Rc2 0-1